Dynamite~ BTS lyrics - Statistics

General Stats
  • This quiz has been taken 3,544 times
  • The average score is 59 of 70
Answer Stats
% Correct
Cos ah ah I'm in the {stars} tonight
97%
Cos ah ah I'm in the {stars} tonight
97%
Cos ah ah I'm in the {stars} tonight
97%
Cos ah ah I'm in the {stars} tonight
97%
Cos ah ah I'm in the {stars} tonight
97%
Ding dong call me on my {phone}
92%
So watch me bring the {fire} and
92%
So watch me bring the {fire} and
92%
So watch me bring the {fire} and
92%
So watch me bring the {fire} and
92%
So watch me bring the {fire} and
92%
Dynnnnnanana, life is {dynamite}
91%
Dynnnnnanana, life is {dynamite}
91%
Dynnnnnanana, life is {dynamite}
91%
Dynnnnnanana, life is {dynamite}
91%
Light it up like {dynamite}
91%
Light it up like {dynamite}
91%
Light it up like {dynamite}
91%
So I'mma light it up like {dynamite}
91%
So I'mma light it up like {dynamite}, woah
91%
So I'mma light it up like {dynamite}, woah
91%
So I'mma light it up like {dynamite}, woah
91%
So I'mma light it up like {dynamite}, woah
91%
So I'mma light it up like {dynamite}, woah
91%
set the night {alight}
90%
set the night {alight}
90%
set the night {alight}
90%
set the night {alight}
90%
set the night {alight}
90%
Shoes on get up in the morn Cup of {milk}
88%
Ice tea and a game of {ping} {pong}
87%
let's {rock} {and} {roll}
87%
with a little {funk} and soul
86%
with a little {funk} and soul
86%
with a little {funk} and soul
86%
with a little {funk} and soul
86%
with a little {funk} and soul
86%
with a little {funk} and soul
86%
Life is sweet as {honey}
85%
Life is sweet as {honey}
85%
rolling on like a {rolling} {stone}
85%
This is getting {heavy}
85%
Yeah this beat cha ching like {money}
85%
Yeah this beat cha ching like {money}
85%
I'm {good} to go
83%
I'm {good} to go
83%
{Shining} through the city
81%
{Shining} through the city
81%
{Shining} through the city
81%
{Shining} through the city
81%
{Shining} through the city
81%
{Shining} through the city
81%
Bring a {friend} join the crowd
78%
Disco {overload} I'm into that
78%
Disco {overload} I'm into that
78%
{Jump} up to the top LeBron
78%
Sing song when I'm walking {home}
77%
I'm {diamond} you know I glow up
75%
I'm {diamond} you know I glow up
75%
Word up {talk} the talk
75%
King Kong {kick} the drum
73%
Whoever wanna {come} {along}
72%
This is {getting} {heavy}
69%
Can you hear the {bass boom}, I'm ready
68%
Can you hear the {bass} {boom}, I'm ready
68%
I got the {medicine}
68%
So we {dance} to the break the dawn
64%
So you should keep ya {eyes} {on} {the} {ball}, huh
64%
just move like we off the {wall}
61%
{Day} {or} {night} the sky's alight
49%
No matching quizzes found
Score Distribution
Percent of People with Each Score
Percentile by Number Answered
Your Score History
You have not taken this quiz